ბათუმის შოთა რუსთაველის სახელმწიფო უნივერსიტეტის ბიბლიოთეკა

ფაუსტი : (ბიბ.ჩანაწერი № 55047)

000 -ლიდერი
ფიქსირებული სიგრძის საკონტროლო ველი 01268nam a2200265Ia 4500
001 - საკონტროლო ნომერი
საკონტროლო ველი 22122
003 - საკონტროლო ნომრის იდენტიფიკატორი
საკონტროლო ველი GE_BSU
005 - ბოლო ოპერაციის თარიღი და დრო
საკონტროლო ველი 20221101164046.0
008 - ფიქსირებული სიგრძის მონაცემთა ელემენტები - ზოგადი ინფორმაცია
ფიქსირებული სიგრძის საკონტროლო ველი 181216s2017||||ge |||||||||||||| ||geo||
020 ## - წიგნის საერთაშორისო სტანდარტული ნომერი
International Standard Book Number 9789941238635
040 ## - კატალოგიზაციის წყარო
Transcribing agency GE_BSU
041 ## - ენის კოდი
Language code of text/sound track or separate title geo
100 ## - მთავარი ჩანაწერი - პიროვნების სახელი
Personal name გოეთე, იოჰან ვოლფგანგ
9 (RLIN) 12332
245 ## - ცნობა სათაურის შესახებ
Title ფაუსტი :
Remainder of title ნაწილი 2 /
Statement of responsibility, etc გერმ. თარგმნა დავით წერედიანმა ; რედ. ნინო გოგალაძე ; დიზაინერი თამაზ ვარვარიძე.
264 ## - წარმოების, გამოცემის, დისტრიბუციის და სხვა ცნობები
გამოცემის, წარმოების, დისტრიბუციის... ადგილი თბილისი :
გამოცემის, წარმოების, დისტრიბუციის... სახელწოდება ბაკურ სულაკაურის გამ-ბა,
გამოცემის, წარმოების, დისტრიბუციის... თარიღი 2017.
300 ## - ფიზიკური აღწერა
Extent 371 გვ. ;
Dimensions 22 სმ.
490 ## - სერიის ცნობა
Series statement მსოფლიო კლასიკა
653 ## - INDEX TERM--UNCONTROLLED
Uncontrolled term მხატვრული ლიტერატურა
653 ## - INDEX TERM--UNCONTROLLED
Uncontrolled term ფაუსტი
700 ## - ADDED ENTRY--PERSONAL NAME
Personal name წერედიანი, დავით
Relator term მთარგმნელი
9 (RLIN) 15698
700 ## - ADDED ENTRY--PERSONAL NAME
Personal name გოგალაძე, ნინო
Relator term რედაქტორი
9 (RLIN) 12334
710 ## - ADDED ENTRY--CORPORATE NAME
Corporate name or jurisdiction name as entry element ვარვარიძე, თამაზ
Subordinate unit დიზაინერი
9 (RLIN) 15699
942 ## - ADDED ENTRY ELEMENTS (KOHA)
Koha item type წიგნი
Source of classification or shelving scheme
ეგზემპლარები
ჩამოწერის სტატუსი დაკარგული ეგზემპლარის სტატუსი კლასიფიკაციის წყარო ან თაროზე გაწყობის სქემა დაზიანების სტატუსი არ გაიცემა მუდმივი მდებარეობა (დაცვის ადგილი) ამჟამინდელი ადგილსამყოფელი თაროზე განთავსების ადგილი შეძენის თარიღი ღირებულება, შესყიდვის ნორმალური ფასი შტრიხკოდი ბოლო ოპერაციის თარიღი ეგზემპლარის მიმდევრობითი ნომერი (კეტერი?) ფასის ძალაში შესვლის თარიღი ეგზემპლარის სახეობა საჯარო შენიშვნა
          ბათუმის შოთა რუსთაველის სახელმწიფო უნივერსიტეტის მთავარი ბიბლიოთეკა ბათუმის შოთა რუსთაველის სახელმწიფო უნივერსიტეტის მთავარი ბიბლიოთეკა წიგნსაცავი 2018-12-17 11.50 57076 2018-12-17 57076 2018-12-17 წიგნი 11.50 ₾.